066_ Personnalités nées un 7 mars par images - Statistiques

Statistiques générales
  • Ce quiz a été pris 23 fois
  • Le résultat moyen est 2 sur 9
Statistiques - réponses
Par images Hint Réponse % Correct
Politicien Nicolas Dupont-Aignan
91%
Peintre Piet Mondrian
35%
Compositeur Maurice Ravel
22%
Politicien Jacques Chaban-Delmas
17%
Humoriste Arnaud Cosson
9%
Écrivaine Erika Leonard James
4%
Mangaka Ai Yazawa
0%
Actrice Rachel Weisz
0%
Musicien Tomaso Antonio Vitali
0%
Aucun quiz correspondant
Distribution des résultats
% des personnes avec chaque résultat
Percentile par nombre de réponses
Votre historique - résultats
Vous n’avez pas pris ce quiz